Les albums de Ric Hochet - Statistiques

Statistiques générales
  • Ce quiz a été pris 36 fois
    23 depuis la dernière actualisation
  • Le résultat moyen est 62 sur 85
Statistiques - réponses
Date Titre % Correct
1ère série 1964 Mystère à {Porquerolles}
100%
1ère série 1977 Coups de {griffes} chez Bouglione
94%
1ère série 1984 Face au {crime}
94%
1ère série 1965 {Défi} à Ric Hochet
94%
1ère série 1974 Enquête dans le {passé}
94%
1ère série 1968 Rapt sur le {France}
94%
1ère série 1972 Ric Hochet contre le {Bourreau}
94%
1ère série 1980 K-O en 9 {rounds}
94%
1ère série 1976 La ligne de {mort}
94%
1ère série 1982 La mort {noire}
94%
1ère série 1977 La piste {rouge}
94%
1ère série 1991 Le crime de l'an {2000}
94%
1ère série 1983 Le {maléfice} vaudou
94%
1ère série 1978 L'ennemi à travers les {siècles}
94%
1ère série 1987 Les messagers du {trépas}
94%
1ère série 1975 Le {trio} maléfique
94%
1ère série 1979 {Opération} 100 milliards
94%
Nouvelles enquêtes 2020 Tombé pour la {France}
94%
1ère série 1963 {Traquenard} au {Havre}
94%
1ère série 1998 Crime sur {internet}
89%
1ère série 1969 Face au {Serpent}
89%
1ère série 1970 Les cinq {Revenants}
89%
1ère série 1971 Les compagnons du {Diable}
89%
1ère série 1971 Les {Spectres} de la nuit
89%
1ère série 1975 L'homme qui portait {malheur}
89%
1ère série 1967 {Piège} pour Ric Hochet
89%
1ère série 1973 Requiem pour une {idole}
89%
1ère série 1992 La bête de l'{Apocalypse}
89%
1ère série 1982 La nuit des {Vampires}
89%
1ère série 1993 Le {maître} de l'Illusion
89%
1ère série 1978 L'{épée} sur la gorge
89%
1ère série 1990 Le {secret} d'Agatha
89%
1ère série 1989 Les {jumeaux} diaboliques
89%
1ère série 1994 Meurtre à l'{impro}
89%
1ère série 1987 Ric Hochet contre {Sherlock}
89%
1ère série 1976 {Alerte}! Extra-terrestres!
83%
1ère série 2000 B.D. {meurtres}
83%
1ère série 1969 {Alias} Ric Hochet
83%
1ère série 1968 {Suspense} à la {télévision}
83%
1ère série 1981 Le {scandale} Ric Hochet
83%
1ère série 1988 Le triangle {Attila}
83%
1ère série 2007 On tue au {théâtre} ce soir
83%
1ère série 2002 Panique sur le {web}
83%
1ère série 1995 Qui a peur d'{Hitchcock}?
83%
1ère série 1981 {Tribunal} noir
83%
1ère série 2010 A la {poursuite} du {griffon} d'or
78%
1ère série 1979 {Hallali} pour Ric Hochet
78%
1ère série 1973 {Epitaphe} pour Ric Hochet
78%
1ère série 1966 L'{ombre} de {Caméléon}
78%
1ère série 1986 La liste {mortelle}
78%
1ère série 2004 Le {collectionneur} de crimes
78%
1ère série 1991 L'{exécuteur} des ténèbres
78%
1ère série 1997 Premières {armes}
78%
Nouvelles enquêtes 2018 Comment réussir un {assassinat}
72%
1ère série 1970 {Cauchemar} pour Ric Hochet
72%
1ère série 2000 La {sorcière}... mal {aimée}
72%
1ère série 1999 Le jeu de la {potence}
72%
Nouvelles enquêtes 2016 Meurtre dans un {jardin} français
72%
1ère série 1985 La {maison} de la {vengeance}
67%
1ère série 1996 Un million sans {impôt}
67%
Nouvelles enquêtes 2024 {Crimes}-sur-mer
61%
1ère série 1972 Le {monstre} de {Noireville}
61%
1ère série 1974 Les {signes} de la {peur}
50%
1ère série 1998 La {main} de la mort
50%
1ère série 1984 Le {disparu} de l'enfer
50%
1ère série 1985 Le {double} qui {tue}
50%
1ère série 1980 Le {fantôme} de l'{alchimiste}
50%
1ère série 2002 {Penthouse} story
50%
1ère série 2010 Ici {77}!
44%
1ère série 1996 L'heure du {kidnapping}
44%
1ère série 2009 Dernier {duel}
39%
1ère série 2003 Le {nombre} maudit
39%
1ère série 1989 Les {témoins} de {Satan}
39%
Nouvelles enquêtes 2015 {R.I.P.} Ric!
39%
Nouvelles enquêtes 2021 Commissaire {Griot}
33%
1ère série 2006 La dernière {impératrice}
33%
1ère série 2001 Le {contrat} du siècle
33%
1ère série 1994 Le {masque} de la {terreur}
33%
1ère série 2006 Le trésor des {Marolles}
33%
1ère série 2005 {Silence} de mort
33%
1ère série 2008 {Code} pour l'au-delà
28%
1ère série 1983 La {flèche} de {sang}
28%
Nouvelles enquêtes 2022 Le {tiercé} de la mort
28%
1ère série 2004 L'homme de {glace}
28%
1ère série 2008 {Puzzle} mortel
28%
Aucun quiz correspondant
Distribution des résultats
% des personnes avec chaque résultat
Percentile par nombre de réponses
Votre historique - résultats
Vous n’avez pas pris ce quiz depuis la dernière actualisation